000 00523nam a2200217 a 4500
001 2910
003 CO-ViMGA
008 141112s2004 ck r 000 u spa d
040 _aCO-ViMGA
_bspa
_cCO-ViMGA
082 0 4 _a910.4 L384
100 1 _aLevi Strauss, Claude
245 1 0 _aTristes trópicos
250 _a2a
260 _aBarcelona :
_bPaidós,
_c1992
300 _a468 p
490 _aPaidós básica, 45
650 1 4 _aANTROPOLOGIA
650 1 4 _aETNOGRAFIA
_97293
650 1 4 _aVIAJES
_952052
942 _2ddc
_cBK
999 _c14976
_d14976